000 00475nam a22001577a 4500
008 160209b xxu||||| |||| 00| 0 eng d
020 _a1452240794
100 _aHealth Robert L.
245 _aEncyclopedia of Public Relations
_cRobert L. Health
250 _a2nd ed.
260 _aUSA
_bSAGE Publications
_c2013
300 _axxxvi, 526p.
440 _vVol 1.
650 _aPublic Relations
_vEncyclopedia
942 _2lcc
_cBK
_e2nd ed.
_hHD 59
_k.E53 2013 V.1 C.1
999 _c15619
_d15619